000 00506nam a2200169 i 4500
001 79444
003 ES-MaACL
005 20230906173958.0
007 t|
008 041021s1972 sp ||||1| spa d
100 1 _aHenz, Hubert.
_962618
245 1 3 _aEl estímulo educativo /
_cHubert Henz ; [versión de Alejandro Esteban Lator Ros].
260 _aBarcelona :
_bHerder,
_c[1972]
300 _a238 p. ;
_c20 cm.
700 1 _aLator Ros, Alejandro Esteban.
_970527
852 _aES-MaACL
_jC-43194
_bR.82211
999 _c79444
_d79444